00921cam a2200217 a 450000100100000000500170001000800410002704000250006808200170009310000410011024500910015126000680024230000210031065000240033165000300035565000260038570000320041195201200044395201250056399900150068800000167420200929145645.0721002s1954 txu 001 0 spa  aDO-SdBNPbspacBNPHU a291.82bY31p1 aYates, Kyle Monroe,d1895-19689544210aPredicando de los libros proféticos /cKyle M. Yates ; traducción, Simón Corona. aTexas, Estados Unidos :bCasa Bautista de Publicaciones,c1954. a313 p. ;c20 cm. 4aPredicación95443 4aLibros proféticos95444 4aLibros sagrados954451 aCorona, Simón.etr.95446 001052708MOaGRbGRcCTd2009-07-09iLF1l0o291.82 Y31pp1674-10r2020-06-25w2020-06-25y2ZPréstamo interno 001053728MOaGRbGRcCTd2010-02-05iLF1l0o291.82 Y31pp1674-20r2020-06-25te.2w2020-06-25y2ZPréstamo interno c1555d1555